| 000 | 00648nam a22002297a 4500 | ||
|---|---|---|---|
| 003 | OSt | ||
| 005 | 20140310181919.0 | ||
| 008 | 130717t xxu||||| |||| 00| 0 eng d | ||
| 020 | _a9780321243096 | ||
| 050 |
_aQA 135.6 _b.M883 2006 |
||
| 082 |
_aTR 510 _bW513 2006 |
||
| 100 |
_aMorrow, Peggy _91322 |
||
| 245 |
_aMath Makes Sense 6 / _cPeggy Morrow |
||
| 260 |
_aOntario, Toronto : _bPearson Education Canada Inc, _cc2006. |
||
| 300 |
_a420 p. : _bcol. ill. ; _c28 cm. |
||
| 521 | _aFaculty | ||
| 541 | _j1 | ||
| 562 | _e1 | ||
| 650 |
_aMathematics _9210 |
||
| 650 |
_aStudy and Teaching guide _91305 |
||
| 942 |
_2lcc _cBK-TR _kTR |
||
| 999 |
_c6883 _d6883 |
||